Statistics for Wedding Anniversary Gifts - Traditional UK

Click here to take the quiz!

General Stats

  • This quiz has been taken 69 times
  • The average score is 12 of 23

Answer Stats

YearGift% Correct
50thGold
98%
25thSilver
98%
60thDiamond
96%
2ndPaper
94%
40thRuby
94%
70thPlatinum
87%
5thWood
81%
1stCotton
72%
30thPearl
72%
10thTin
64%
20thChina
57%
9thCopper
53%
3rdLeather
53%
35thCoral
40%
15thCrystal
38%
7thWool
32%
80thOak
28%
90thGranite
13%
65thBlue Sapphire
9%
4thFruit
4%
6thSugar
4%
12thLinen/Silk
2%
8thSalt
2%

Score Distribution

Percentile by Number Answered

Percent of People with Each Score

Your Score History

You have not taken this quiz